| 000 | 00836 a2200229 4500 | ||
|---|---|---|---|
| 999 |
_c7825 _d7825 |
||
| 020 | _a1444171070 (pbk.) | ||
| 020 | _a9781444171075 (pbk.) | ||
| 050 | 0 | 0 | _aKF1250TUR 2004 |
| 100 | 1 |
_aTurner, Chris _eauthor |
|
| 245 | 1 | 0 |
_aUnlocking torts / _cChris Turner. |
| 250 | _a4th edition. | ||
| 264 | 1 |
_aMilton Park, Abingdon, Oxon [UK] : _bRoutledge, _c2004. |
|
| 300 |
_axxxvii, 524 pages : _billustrations (some color) ; |
||
| 500 | _aIncludes bibliographical references and index. | ||
| 504 | _aIncludes bibliographical references and index. | ||
| 650 | 0 | _aTorts | |
| 650 | 0 | _aTorts | |
| 650 | 7 | _aLAW / General. | |
| 856 | 4 | 2 |
_3Cover image _uhttp://jacketsearch.tandf.co.uk/common/jackets/covers/websmall/978144417/9781444171075.jpg |
| 942 |
_2lcc _cBK _e4th _h1250 _iTUR _kKF |
||